000 003920000a22001450004500
090 _aAR
_b00640
245 1 0 _aOffice of protected species management
650 1 4 _aBibliografías
_993093
650 1 4 _aMamíferos acuáticos
_993274
650 1 4 _aEspecies en extinción
_94653
041 0 _aInglés
100 1 _aBruce, Ackerman
_993743
942 _cARTICULO
773 1 _tPreprint
_33
_q1-182
_d1992?
999 _c9732
_d9732